| 000 | 00785nmm a2200253 a 4500 | ||
|---|---|---|---|
| 003 | AR-BaBNM | ||
| 005 | 20251128204539.0 | ||
| 008 | 235019s1992 ||||||||||||||000 | spa|| | ||
| 040 | _cAR-BaBNM | ||
| 100 | 1 | _aDe Filipo, César | |
| 245 | 1 | 0 |
_aManual de efemérides y de actividades escolares _bgrados superiores 4to a 7mo grado |
| 260 |
_aBuenos Aires _bSánchez Teruelo _c1992 |
||
| 300 |
_a379 p. _bil. |
||
| 500 | _aSuplemento regional de Capital Federal y provincia de Buenos Aires | ||
| 500 | _aContiene actividades de aplicación | ||
| 650 | 4 | _aCALENDARIOS ESCOLARES | |
| 650 | 4 | _aACTIVIDADES ESCOLARES | |
| 650 | 4 | _aACTIVIDADES RECREATIVAS | |
| 650 | 4 | _aDRAMATIZACION | |
| 653 | _aEDUCACION PRIMARIA | ||
| 653 | _aACTOS ESCOLARES | ||
| 942 | _cBK | ||
| 998 | _cGrace | ||
| 999 |
_c7866 _d7866 |
||